000 00306nam a22001337a 4500
008 170623b xxu||||| |||| 00| 0 eng d
020 _a0865312508
041 _aeng
080 _a94
100 _a16
101 _aSHH
245 _aTHE UNITED NATIONS AND A JUST WORLD ORDER
_cFALK,R.A
942 _2udc
_cBK
999 _c18938
_d18938